[Event "Ponteareas U2200 op 1st"]
[Site "Ponteareas"]
[Date "2019.03.02"]
[Round "3.5"]
[White "Dominguez Certal, Dario"]
[Black "Garcia Fernandez, Manuel"]
[Result "1/2-1/2"]
[WhiteElo "1384"]
[BlackElo "1670"]
[PlyCount "95"]
[EventDate "2019.03.02"]
[EventType "swiss"]
[EventRounds "5"]
[EventCountry "ESP"]
[SourceTitle "EXT 2024"]
[Source "ChessBase"]
[SourceDate "2023.10.10"]
[SourceVersion "1"]
[SourceVersionDate "2023.10.10"]
[SourceQuality "1"]

1. e4 e5 2. Nf3 Nc6 3. Bb5 Nf6 4. d3 d6 5. c3 Bd7 6. 0-0 Be7 7. Nbd2 a6 8. Ba4 b5 9. Bb3 Na5 10. Bc2 c5 11. Re1 0-0 12. Nf1 h6 13. Ng3 Re8 14. h3 Rc8 15. Be3 Bf8 16. a4 b4 17. d4 Nc4 18. Bc1 cxd4 19. cxd4 Qc7 20. Bb3 a5 21. d5 Be7 22. Qe2 Rf8 23. Be3 Nxe3 24. Qxe3 Qc5 25. Qd2 Qb6 26. Rac1 Nh7 27. Rxc8 Rxc8 28. Rc1 Ng5 29. Rxc8+ Bxc8 30. Nxg5 Bxg5 31. Qc2 Bd7 32. Nf5 Bxf5 33. exf5 Bh4 34. Qc8+ Kh7 35. Qc2 Qd4 36. Qe2 Qf4 37. g3 Qc1+ 38. Kg2 Bg5 39. h4 Bf6 40. Qc2 Qe1 41. Bc4 e4 42. b3 Bd4 43. Qe2 Qb1 44. h5 Bf6 45. Kh2 Bd4 46. Kg2 Bf6 47. Kh2 Bd4 48. Kg2 1/2-1/2

[Event "Mondariz Cemar op 2nd"]
[Site "Mondariz"]
[Date "2015.08.18"]
[Round "3"]
[White "Torcal Miguel, Oscar"]
[Black "Dominguez Certal, Dario"]
[Result "1-0"]
[WhiteElo "1969"]
[BlackElo "1468"]
[PlyCount "77"]
[EventDate "2015.08.16"]
[EventType "swiss"]
[EventRounds "9"]
[EventCountry "ESP"]
[SourceTitle "EXT 2019"]
[Source "ChessBase"]
[SourceDate "2018.10.10"]
[SourceVersion "1"]
[SourceVersionDate "2018.10.10"]
[SourceQuality "1"]

1. e4 c5 2. Nf3 Nc6 3. d4 cxd4 4. Nxd4 e5 5. Nb3 Nf6 6. Nc3 Bb4 7. Bg5 h6 8. Bxf6 Qxf6 9. Qd3 0-0 10. a3 Bxc3+ 11. Qxc3 d6 12. f3 Be6 13. Bc4 Rac8 14. Bxe6 Qxe6 15. Qd2 f5 16. 0-0 fxe4 17. fxe4 Rxf1+ 18. Rxf1 Rf8 19. Rd1 Rd8 20. Na5 Qe7 21. Qd5+ Kh8 22. Nxc6 bxc6 23. Qxc6 Qh4 24. g3 Qg4 25. Rf1 Qe2 26. Rf2 Qe3 27. Kg2 d5 28. exd5 Qe4+ 29. Kh3 h5 30. Qe6 Rd6 31. Qxd6 Qg4+ 32. Kg2 Qe4+ 33. Kf1 Qh1+ 34. Ke2 Qe4+ 35. Kd1 Qd4+ 36. Ke1 Qe3+ 37. Kf1 Qe4 38. Qf8+ Kh7 39. Qf5+ 1-0

[Event "Mondariz Cemar op 2nd"]
[Site "Mondariz"]
[Date "2015.08.16"]
[Round "1"]
[White "Asensio Linan, Teodoro"]
[Black "Dominguez Certal, Dario"]
[Result "1-0"]
[WhiteElo "2156"]
[BlackElo "1468"]
[PlyCount "37"]
[EventDate "2015.08.16"]
[EventType "swiss"]
[EventRounds "9"]
[EventCountry "ESP"]
[SourceTitle "EXT 2019"]
[Source "ChessBase"]
[SourceDate "2018.10.10"]
[SourceVersion "1"]
[SourceVersionDate "2018.10.10"]
[SourceQuality "1"]

1. e4 c5 2. Nf3 Nc6 3. Bb5 Nf6 4. Nc3 Nd4 5. e5 Nxb5 6. Nxb5 Nd5 7. Ng5 e6 8. Ne4 f6 9. c4 Nb4 10. Nxf6+ Kf7 11. Qh5+ g6 12. Qf3 Nc2+ 13. Kd1 Nxa1 14. d4 Kg7 15. Nc7 Rb8 16. Nce8+ Kf7 17. Bg5 Be7 18. Nd6+ Kg7 19. Nh5+ 1-0

[Event "Mondariz Marcote Memorial"]
[Site "Mondariz"]
[Date "2014.08.23"]
[Round "8"]
[White "Silva, Ana Ines Teixeira D"]
[Black "Dominguez Certal, Dario"]
[Result "1-0"]
[WhiteElo "1551"]
[BlackElo "1501"]
[PlyCount "47"]
[EventDate "2014.08.16"]
[EventType "swiss"]
[EventRounds "9"]
[EventCountry "ESP"]
[SourceTitle "EXT 2015"]
[Source "ChessBase"]
[SourceDate "2014.11.20"]
[SourceVersion "1"]
[SourceVersionDate "2014.11.20"]
[SourceQuality "1"]

1. e4 c5 2. Nc3 Nc6 3. g3 g6 4. Bg2 Bg7 5. d3 e6 6. f4 Nge7 7. Nf3 0-0 8. 0-0 a6 9. Be3 b6 10. Qd2 Bb7 11. Nd1 Qc7 12. c3 Rad8 13. d4 cxd4 14. Nxd4 d5 15. Nxc6 Bxc6 16. Qf2 Nc8 17. f5 dxe4 18. f6 Bh8 19. Bh6 Rfe8 20. Ne3 Rd3 21. Bh3 Qe5 22. Ng4 Qh5 23. Bg7 Bxg7 24. fxg7 1-0

[Event "Mondariz op U2300 9th"]
[Site "Mondariz"]
[Date "2012.04.07"]
[Round "8"]
[White "Dominguez Certal, Dario"]
[Black "Martinez Colomar, Alejandro"]
[Result "0-1"]
[WhiteElo "1520"]
[BlackElo "1831"]
[PlyCount "63"]
[EventDate "2012.03.31"]
[EventType "swiss"]
[EventRounds "8"]
[EventCountry "ESP"]
[SourceTitle "CBM 147 Extra"]
[Source "ChessBase"]
[SourceDate "2012.04.24"]
[SourceVersion "1"]
[SourceVersionDate "2012.04.24"]
[SourceQuality "1"]

1. e4 c5 2. Nf3 d6 3. Nc3 Nc6 4. d4 cxd4 5. Nxd4 Nf6 6. Be2 g6 7. Be3 Bg7 8. 0-0 0-0 9. Nb3 Be6 10. Qd2 Ne5 11. Bh6 Rc8 12. Bxg7 Kxg7 13. Kh1 Qb6 14. f3 Rfd8 15. Rad1 Nc4 16. Bxc4 Bxc4 17. Rfe1 Bxb3 18. axb3 Qc5 19. Qe3 Rd7 20. e5 dxe5 21. Rxd7 Qxe3 22. Rxe3 Nxd7 23. Re2 Rc6 24. Kg1 f6 25. f4 Kf7 26. fxe5 Nxe5 27. Kf2 Re6 28. h3 f5 29. Nd5 Nc6 30. Rxe6 Kxe6 31. c4 Na5 32. b4 0-1

[Event "Mondariz op 8th"]
[Site "Mondariz"]
[Date "2011.04.19"]
[Round "4"]
[White "Dominguez Certal, Dario"]
[Black "Pousada Gonzalez, Almudena"]
[Result "1/2-1/2"]
[WhiteElo "1529"]
[BlackElo "1742"]
[PlyCount "100"]
[EventDate "2011.04.16"]
[EventType "swiss"]
[EventRounds "8"]
[EventCountry "ESP"]
[SourceTitle "EXT 2012"]
[Source "ChessBase"]
[SourceDate "2011.11.24"]
[SourceVersion "1"]
[SourceVersionDate "2011.11.24"]
[SourceQuality "1"]

1. d4 Nf6 2. c4 e6 3. Nc3 d5 4. cxd5 exd5 5. Nf3 Bb4 6. Bg5 h6 7. Bxf6 Qxf6 8. e3 c6 9. Be2 Bf5 10. Rc1 Nd7 11. a3 Bd6 12. b4 a6 13. Na4 a5 14. Nc5 axb4 15. Qb3 0-0 16. axb4 b6 17. Nd3 Rfc8 18. 0-0 Be4 19. b5 c5 20. dxc5 Nxc5 21. Nxc5 Bxc5 22. Qd1 Qg6 23. Ra1 Rd8 24. Ra6 Rac8 25. g3 Bxf3 26. Bxf3 d4 27. exd4 Rxd4 28. Qe2 Rcd8 29. Ra8 Qd6 30. Rxd8+ Qxd8 31. Bc6 Rd2 32. Qe8+ Qxe8 33. Bxe8 Kf8 34. Bc6 f6 35. Kg2 Kf7 36. h4 g5 37. hxg5 hxg5 38. g4 Ke6 39. Kg3 f5 40. gxf5+ Kxf5 41. Kg2 Kf4 42. Kh2 Rxf2+ 43. Rxf2+ Bxf2 44. Kg2 Bc5 45. Bb7 g4 46. Bc6 Bd6 47. Be8 Ke3 48. Bc6 Bf4 49. Bd7 g3 50. Be6 Be5 1/2-1/2

[Event "Mondariz Balneario op 9th"]
[Site "Mondariz"]
[Date "2009.12.29"]
[Round "6"]
[White "Dominguez Certal, Dario"]
[Black "Sio Areal, Manuel"]
[Result "1-0"]
[WhiteElo "1517"]
[BlackElo "1507"]
[PlyCount "75"]
[EventDate "2009.12.26"]
[EventType "swiss"]
[EventRounds "7"]
[EventCountry "ESP"]
[SourceTitle "CBM 134 Extra"]
[Source "ChessBase"]
[SourceDate "2010.03.03"]
[SourceVersion "1"]
[SourceVersionDate "2010.03.03"]
[SourceQuality "1"]

1. e4 c5 2. Nf3 d6 3. Nc3 Nf6 4. d4 cxd4 5. Nxd4 a6 6. Be2 e6 7. Be3 Be7 8. 0-0 Nc6 9. Nb3 b5 10. Bf3 e5 11. Qd2 Qc7 12. Rad1 Bg4 13. Bxg4 Nxg4 14. Nd5 Qb7 15. Nxe7 Nxe3 16. fxe3 Qxe7 17. Qxd6 Qxd6 18. Rxd6 Nb4 19. c3 Nc2 20. Kf2 0-0 21. Rc1 Rfd8 22. Rxd8+ Rxd8 23. Rxc2 g5 24. Rd2 Rc8 25. Rd5 f6 26. Rd6 Kg7 27. Rxa6 Rd8 28. Ke2 h5 29. Rb6 h4 30. Rxb5 Kg6 31. a4 Rh8 32. a5 g4 33. Rb4 Rh5 34. Ra4 Rg5 35. a6 g3 36. h3 f5 37. Ra1 f4 38. a7 1-0

[Event "Mondariz Balneario op 9th"]
[Site "Mondariz"]
[Date "2009.12.28"]
[Round "5"]
[White "Fernandez Rey, Jorge"]
[Black "Dominguez Certal, Dario"]
[Result "1-0"]
[WhiteElo "1743"]
[BlackElo "1517"]
[PlyCount "45"]
[EventDate "2009.12.26"]
[EventType "swiss"]
[EventRounds "7"]
[EventCountry "ESP"]
[SourceTitle "CBM 134 Extra"]
[Source "ChessBase"]
[SourceDate "2010.03.03"]
[SourceVersion "1"]
[SourceVersionDate "2010.03.03"]
[SourceQuality "1"]

1. e4 c5 2. Nf3 Nc6 3. c3 d6 4. d4 cxd4 5. cxd4 Nf6 6. Nc3 e6 7. Bb5 Bd7 8. 0-0 a6 9. Ba4 b5 10. Bc2 b4 11. Ne2 Be7 12. e5 dxe5 13. dxe5 Nd5 14. Be4 Nc7 15. Ned4 Nd5 16. Qd3 h6 17. Nxc6 Bxc6 18. Nd4 Bb7 19. Qg3 g5 20. h4 gxh4 21. Qg7 Kd7 22. Qxf7 Qf8 23. Qxe6+ 1-0